Cây thanh long (Hylocereus undatus, Haw.)
Αποθηκεύτηκε σε:
| Κύριος συγγραφέας: | |
|---|---|
| Μορφή: | Βιβλίο |
| Γλώσσα: | Undetermined |
| Έκδοση: |
Tp.HCM
Nông Nghiệp
1999
|
| Θέματα: | |
| Ετικέτες: |
Προσθήκη ετικέτας
Δεν υπάρχουν, Καταχωρήστε ετικέτα πρώτοι!
|
| Thư viện lưu trữ: | Trung tâm Học liệu Trường Đại học Cần Thơ |
|---|
| LEADER | 00476nam a2200169Ia 4500 | ||
|---|---|---|---|
| 001 | CTU_35352 | ||
| 008 | 210402s9999 xx 000 0 und d | ||
| 082 | |a 634.7 | ||
| 082 | |b K250 | ||
| 100 | |a Nguyễn Văn Kế | ||
| 245 | 0 | |a Cây thanh long (Hylocereus undatus, Haw.) | |
| 245 | 0 | |c Nguyễn Văn Kế | |
| 260 | |a Tp.HCM | ||
| 260 | |b Nông Nghiệp | ||
| 260 | |c 1999 | ||
| 650 | |a tropical fruit | ||
| 980 | |a Trung tâm Học liệu Trường Đại học Cần Thơ | ||